| 000 | 00500 a2200193 4500 | ||
|---|---|---|---|
| 005 | 20240624095923.0 | ||
| 008 | 240531b |||||||| |||| 00| 0 eng d | ||
| 020 |
_a9781788825863 _c£ 165.00 |
||
| 040 | _aMAIN | ||
| 082 |
_a572 _bT214M |
||
| 100 | _aTaylor, Harry | ||
| 245 | _aMolecular biology and biochemistry | ||
| 260 |
_bED-Tech Press _c2022 _aUnited Kingdom |
||
| 300 | _axii, 352 | ||
| 650 | _aMolecular Biology | ||
| 650 | _aBiochemistry | ||
| 650 | _aDNA Technology | ||
| 942 | _cBK | ||
| 999 |
_c309299 _d309299 |
||